Pastoral de conjunto

Gorde:
Xehetasun bibliografikoak
Egile korporatiboa: Consejo Episcopal Latinoamericano (Egilea), Celam (Egilea)
Formatua: Liburua
Hizkuntza:gaztelania
Argitaratua: Bogotá CELAM 1971
Saila:Documento Celam, 12
Gaiak:
Etiketak: Etiketa erantsi
Etiketarik gabe, Izan zaitez lehena erregistro honi etiketa jartzen!

MARC

LEADER 00000nam a2200000 a 4500
001 UCR1169
003 CL-VaPUC
005 20220119073954.0
008 971212e19710000ck 1 spa d
082 0 4 |a 302.2  |b CON  |2 21 
110 2 |a Consejo Episcopal Latinoamericano  |e author  |9 618660 
710 2 |a Celam  |e author  |9 618661 
245 1 0 |a Pastoral de conjunto 
260 |a Bogotá  |b CELAM  |c 1971 
300 |a 73 p 
490 0 |a Documento Celam, 12 
583 |a last modification  |c 19971212 00:00:00  |k Rodrigo Vera 
650 0 0 |a Comunicación   |9 257251 
650 0 7 |a EVANGELIZACION  |2 CL-VaPUC  |9 618662 
650 0 0 |a Iglesia   |9 255004 
650 0 0 |a Religión   |9 255164 
650 0 0 |a Doctrina social de la iglesia  |9 257333 
650 0 0 |a Sociología   |9 255410 
942 |c BK 
945 |a jquezada  |d 19971212 00:00:00 
546 |a En Español 
536 |a Consejo Episcopal Latinoamericano 
518 |p Reunión Latinoamericana de pastoral de conjunto, Río de Janeiro, 14 al 20 de Marzo 
999 |c 383065  |d 383063 
952 |0 0  |1 0  |4 0  |6 302_200000000000000_CON_1971  |7 0  |8 A  |9 505065  |a BIBTEO  |b BIBTEO  |d 2020-01-23  |i 3370054  |o 302.2 CON 1971  |p 3370054  |r 2025-01-17  |w 2020-01-23  |y BK  |k ICR